Quizzes
Events
Quiz Creation
Community
Videos
Private Events
Remove Ads
Sign In
Join for FREE
Feedback
Dark Mode
Quiz Categories
Sports
Geography
Music
Movies
Television
Just For Fun
Miscellaneous
History
Literature
Language
Science
Gaming
Entertainment
Religion
Holiday
For Kids
Quiz Lab
Recent
Popular Today
Quiz Kudos Today
Editor Picks
Curator Picks
Quizzes by...
Day
Popularity
Type
Ratings
Length
Year
Community
Subscriptions
Recent Discussions
Orange Saloon
Badges
Playlists
Quests
Create
Leaderboards
Showdown
Live 5
Trivia Bingo
Activity
Puzzle Library
Sporcle Events
Private Events
Virtual Trivia
Globe League
Become a Host
Pub Owners
SporcleCon
Opinionation
Our Games
Videos
Blog
Mobile Apps
Partnerships
Remove Ads and Go Orange
Feedback
Gaming
Video Games
Board Games
Card Games
Pokémon
Mario
Nintendo
Minecraft
Console
Toys
Legend of Zelda
Gaming
Video Games
Board Games
Card Games
Pokémon
Mario
Nintendo
Minecraft
Console
Toys
Legend of Zelda
Random Quiz
Search Sporcle
×
Quiz Lab
Quiz Lab
Gaming
2600
Type in answers that appear in a list
Type in answers that appear in a list
Classic
Best Score? Go Orange.
Atari 2600 Games A-Z Stats
Can you name the Atari 2600 Games A-Z by description?
By
lolligag
10m
26 Questions
151 Plays
151 Plays
151 Plays
Comments
Comments
Give Quiz Kudos
Give Quiz Kudos
-
- Ratings
hide this ad
Replay
Link that replays current quiz
Next Quiz
Link to next quiz in quiz playlist
You Got
0%
They Got
Avg Score
50%
Avg Friend Score
Upgrade to see
Score Distribution
Jump to the score distribution portion of the page
Score
0/26
Timer
10:00
0
Plays Today
Description of game
% Correct
Hitting blocks with ball
Breakout
91.4%
Tanks and planes
Combat
86.8%
Lame movie game
ET
85.4%
Had a hidden room which displayed the programmers name
Adventure
79.5%
Jumping around a pyramid
Q Bert
70.9%
Use your bucket to defeat the Mad Bomber
Kaboom
70.2%
You control an alien-
type fly
Yar's Revenge
66.2%
You control a pair of eyeballs and walk through dark rooms
Haunted House
62.9%
Cruisin' in the dark
Night Driver
62.9%
You control a lunar rover
Moon Patrol
59.6%
Why did the chicken cross the road?
Freeway
55.6%
Sega's '3-
D' fighter craft shooter
Zaxxon
51.7%
Activision space shooting game '_
_
_
_
_
Blast'
Laser Blast
41.7%
Description of game
% Correct
You do battle against the big bad wolf
Oink
40.4%
Your space ship can shoot in four different directions
Vanguard
39.7%
Sears Telegames version of 'Outlaw'
Gunslinger
39.1%
'Don't Stop Believin''... a band based game
Journey Escape
38.4%
Activision racing game
Dragster
37.1%
Sears Telegames version of Indy 500
Race
35.1%
Contained characters such as 'Thorwor' , 'Garwor', and 'Worluk'
Wizard of Wor
35.1%
Dentist's training game
Plaque Attack
31.8%
Fighting underwater with a submarine
Seaquest
27.8%
Foreign football
International Soccer
27.2%
Fairly unknown Sega version of 'Bump n Jump'
Up n Down
25.2%
Up for a game of pool?
Trick Shot
21.2%
Fairly unknown alien extermination game
Xenophobe
20.5%
Quiz Playlist
Details
Report
Send in Message
Add To Playlist
Classic:
Type in answers that appear in a list
Last Updated: Feb 16, 2017
Quiz Scoreboard
CHALLENGE
Sign Up to Join the Scoreboard
Show All
Scores
Hide
Comments
May contain spoilers
Recently Published
An Introduction to Baseball
by treessimontrees
Sports
5m
Movies - When Are They Set?
by FPL_Elf
Movies
5m
Popular People in 1961
by mucciniale
History
6m
More to Explore
Quiz From the Vault
Featured Blog Post
Where Did the Easter Bunny Come From?
hide this ad
You Might Also Like...
Tags
2600
A-Z
atari
Atari 2600
description
Today's Top Quizzes in Gaming
Browse Gaming
hide this ad
Today's Top Quizzes in 2600
Browse 2600
Top Contributed Quizzes in Gaming
1
Destiny 2 exotic weapons by perk icons
2
Ultimate Genshin Impact Logic Puzzle (up to 4.3)
3
5-to-1: Consoles
4
Genshin Impact Logic Puzzle Quiz
5
Franchise by Action Figure
6
Who's on the WWE 2K24 Cover?
7
Windmill: Pokémon
8
Legendary or Exotic?
9
Overwatch 2: Ultimate Ability Icons
10
5-to-1: Legend of Zelda
Explore More
Trending Topics
Anime
Kpop
Marvel
Disney
NBA
Harry Potter
Crossword
Song
The Office
Country
Puzzle
Pokémon
Soccer
NFL
WWE
hide this ad
More By:
lolligag
Quiz
Plays
Rating
Category
Featured
Created
Pink Floyd Eclipse Lyrics
987
4.22
Music
May 11, 2010
Atari 2600 Games A-Z
151
3.50
Gaming
May 11, 2010
Go to Creator's Profile
Score Distribution
Quiz Creator Spotlight
lolligag
Follow
Send a Message
Quizzes Created
-
Created Quiz Play Count
-
More By This Creator
Popular Quizzes Today
1
Find the Countries of Europe - No Outlines Minefield
2
Find the US States - No Outlines Minefield
3
The Countries of the World
4
Popular People in 1961
5
US States
6
Find the US States
7
1-10 Letter E Words III
8
Risky Map Clicking: Biggest States A-Z
More Gaming Quizzes
Dead by Daylight Survivor Perks (Alien Chapter)
Quiz Lab
Trending Quizzes
Risky Map Clicking: Least Populous States A-Z
1-10 Letter F Words
1-10 Letter G Words
One Thing in Common: United Kingdom
Risky Map Clicking: Next State Alphabetically
Recently Updated
Leaping Animals
pecheneg
Reality TV Shows (A-Z)
bhenderson79
Rickey Henderson's Hall of Fame Teammates
pecheneg
Champions League XIs: Arsenal
pecheneg
Quick Pick: Celebrities in WWE's Hall of Fame
aduchscher
A-Z Keypad Blitz II
pecheneg
Multiple Oscar Actors
pecheneg
Mystery Phrase Blitz: Oscar 'Best Actors'
pecheneg
F. Scott Fitzgerald Novels
LTH
Pick 3 Villains
ddd62291
Trending Topics
Crossword
Harry Potter
Anime
Marvel
NBA
Kpop
Disney
NFL
The Office
Song
Soccer
Puzzle
WWE
Country
Pokémon
Your Account Isn't Verified!
In order to create a playlist on Sporcle, you need to verify the email address you used during registration. Go to your
Sporcle Settings
to finish the process.
Report this User
Report this user for behavior that violates our
Community Guidelines
.
Details:
Send Report
Go to the Sporcle.com Mobile Site →
Comments